Devinez le minerais Minecraft - Statistiques

Statistiques générales
  • Ce quiz a été pris 158 fois
  • Le résultat moyen est 9 sur 11
Statistiques - réponses
Par images Réponse % Correct
Emeraude
95%
Or
92%
Or du Nether
92%
Redstone
91%
Diamant
86%
Quartz
86%
Charbon
84%
Fer
79%
Netherite
79%
Cuivre
71%
Lapis Lazuli
71%
Aucun quiz correspondant
Distribution des résultats
% des personnes avec chaque résultat
Percentile par nombre de réponses
Votre historique - résultats
Vous n’avez pas pris ce quiz